Classical Indian philosophy reinterpreted / (Record no. 16842)
[ view plain ]
| 000 -LEADER | |
|---|---|
| fixed length control field | 01082nam a2200289 a 4500 |
| 005 - DATE AND TIME OF LATEST TRANSACTION | |
| control field | 20070119085348.0 |
| 008 - FIXED-LENGTH DATA ELEMENTS--GENERAL INFORMATION | |
| fixed length control field | 060831s2006 ii b 000 0 eng |
| 010 ## - LCCN (DPL NO) | |
| LC control number | ENG-91354 |
| 020 ## - INTERNATIONAL STANDARD BOOK NUMBER | |
| International Standard Book Number | 8186921362 |
| Terms of availability | 300.00 |
| 020 ## - INTERNATIONAL STANDARD BOOK NUMBER | |
| International Standard Book Number | 9788186921364 |
| Terms of availability | 300.00 |
| 035 ## - SYSTEM CONTROL NUMBER | |
| System control number | EN-74887 |
| 037 ## - SOURCE OF ACQUISITION | |
| Source of stock number/acquisition | DBAD / PUB |
| 040 ## - CATALOGING SOURCE | |
| Original cataloging agency | dpl |
| Language of cataloging | English |
| 082 ## - DEWEY DECIMAL CLASSIFICATION NUMBER | |
| Classification number | 181.4 |
| 100 ## - MAIN ENTRY--PERSONAL NAME | |
| Personal name | Lysenko, Victoria, 1953- |
| 245 ## - TITLE STATEMENT | |
| Title | Classical Indian philosophy reinterpreted / |
| Statement of responsibility, etc | by Victoria Lysenko [and] Michel Hulin |
| 260 ## - PUBLICATION, DISTRIBUTION, ETC. (IMPRINT) | |
| Place of publication, distribution, etc | New Delhi : |
| Name of publisher, distributor, etc | Decent Books |
| Date of publication, distribution, etc | 2007 |
| 260 ## - PUBLICATION, DISTRIBUTION, ETC. (IMPRINT) | |
| Place of publication, distribution, etc | Kolkata |
| Name of publisher, distributor, etc | Jadavpur University |
| Date of publication, distribution, etc | 2007 |
| 300 ## - PHYSICAL DESCRIPTION | |
| Extent | vi, 155p. |
| Dimensions | 23 cm (Hb) |
| 500 ## - GENERAL NOTE | |
| General note | Includes bibliographical references and index |
| 520 ## - SUMMARY, ETC. | |
| Summary, etc | History of Kashmiri Pandits and Kashmir, India. |
| 650 ## - SUBJECT ADDED ENTRY--TOPICAL TERM | |
| Topical term or geographic name as entry element | Philosophy, Hindu. |
| 650 ## - SUBJECT ADDED ENTRY--TOPICAL TERM | |
| Topical term or geographic name as entry element | Philosophy, Indic. |
| 700 ## - ADDED ENTRY--PERSONAL NAME | |
| Personal name | Hulin, Michel |
| 942 ## - ADDED ENTRY ELEMENTS (KOHA) | |
| Source of classification or shelving scheme | Dewey Decimal Classification |
| Item type | English Books |
| Classification part | 181.4 |
| Call number suffix | LYS |
| Withdrawn status | Lost status | Source of classification or shelving scheme | Damaged status | Not for loan | Collection code | Home library | Current library | Date acquired | Source of acquisition | Cost, normal purchase price | Total Checkouts | Full call number | Barcode | Date last seen | Copy number | Cost, replacement price | Koha item type |
|---|---|---|---|---|---|---|---|---|---|---|---|---|---|---|---|---|---|
| Dewey Decimal Classification | Not For Loan | Non-fiction | D.B.Act.Division | D.B.Act.Division | 17/10/2008 | DBAD / PUB | 300.00 | 181.4 LYS | EN-74887 | 17/10/2008 | 1 | 300.00 | English Books |
